Niektoré aspekty vyučovania štatistiky na EU

Na minha lista:
Detalhes bibliográficos
Autor principal: Kotlebová, Eva
Formato: Capítulo de Livro
Idioma:eslovaco
Assuntos:
Tags: Adicionar Tag
Sem tags, seja o primeiro a adicionar uma tag!

MARC

LEADER 00000naa$a2200000$$$4500
001 0108694
005 20240502072211.5
041 0 |a slo 
044 |a SK 
245 1 0 |a Niektoré aspekty vyučovania štatistiky na EU  |c Eva Kotlebová 
500 |a Abstrakt 
610 2 0 |a vzdelávanie vysokoškolské 
610 2 0 |a univerzity 
610 2 0 |a študenti 
610 2 0 |a učitelia 
610 2 0 |a predmety učebné 
610 2 0 |a štatistika 
100 1 |a Kotlebová, Eva